00488nam a2200193 a 4500001001300000003000900013005001700022008004100039020000900080082001600089100001700105245002300122260003900145300000900184500003500193505003100228650001800259700001700277nice12345678IN_TiNIC20260116011746.0050524s1978 deoa grp 000 0 urd  ac4000a297.09bIBN aIbn, Khaldun aTarikh Ibn Khaldun aDeobandbIdara Dars-E-Qur`anc1978 a600p aincludes index and biblioraphy2 athree parts bound together aIslam-History1 aIbn, Khaldun